[Event "BRA-ch sf2"]
[Site "Brasilia"]
[Date "2018.07.20"]
[Round "2.6"]
[White "Rabelo, Jose Carlos Vargas"]
[Black "Portal, Adroaldo da Cunha"]
[Result "1-0"]
[WhiteElo "1688"]
[BlackElo "1665"]
[PlyCount "91"]
[EventDate "2018.07.20"]
[EventType "swiss"]
[EventRounds "5"]
[EventCountry "BRA"]
[SourceTitle "EXT 2022"]
[Source "ChessBase"]
[SourceDate "2021.10.06"]
[SourceVersion "1"]
[SourceVersionDate "2021.10.06"]
[SourceQuality "1"]

1. e4 d6 2. d4 Nf6 3. Nc3 Nbd7 4. Bg5 c6 5. Nf3 Qc7 6. Bd3 e5 7. 0-0 Be7 8. Re1 0-0 9. Qd2 Re8 10. Rad1 Nf8 11. h3 Ne6 12. dxe5 dxe5 13. Bh4 Nf4 14. Bc4 Be6 15. Bxe6 Nxe6 16. Bg3 Rad8 17. Qe2 Bd6 18. Rd2 g6 19. Red1 Nh5 20. Bh4 Be7 21. Bxe7 Rxd2 22. Qxd2 Rxe7 23. Ne2 Nhf4 24. Kh2 f6 25. g3 Nxe2 26. Qxe2 Rd7 27. Rd3 Nd4 28. Nxd4 Rxd4 29. Rxd4 exd4 30. Qc4+ Qf7 31. Qxd4 Qxa2 32. Qxf6 Qf7 33. Qxf7+ Kxf7 34. f4 a5 35. Kg2 a4 36. Kf2 b5 37. c3 c5 38. Ke2 Ke7 39. Kd2 Kd6 40. Kc2 Ke6 41. Kb1 Kd6 42. Ka2 Ke6 43. Ka3 g5 44. c4 bxc4 45. Kxa4 gxf4 46. gxf4 1-0

[Event "Brasilia Centro Oeste-ch"]
[Site "Brasilia"]
[Date "2015.05.15"]
[Round "3"]
[White "Moraes Silva, Carlos Alessandro"]
[Black "Portal, Adroaldo da Cunha"]
[Result "1-0"]
[WhiteElo "1771"]
[BlackElo "1800"]
[PlyCount "81"]
[EventDate "2015.05.15"]
[EventType "swiss"]
[EventRounds "6"]
[EventCountry "BRA"]
[SourceTitle "CBM 166 Extra"]
[Source "ChessBase"]
[SourceDate "2015.06.18"]
[SourceVersion "1"]
[SourceVersionDate "2015.06.18"]
[SourceQuality "1"]

1. e4 c6 2. d4 d5 3. Nc3 dxe4 4. Nxe4 Bf5 5. Ng3 Bg6 6. h4 h6 7. Nf3 Nd7 8. h5 Bh7 9. Bd3 Bxd3 10. Qxd3 Ngf6 11. c4 e6 12. 0-0 Be7 13. Re1 0-0 14. Bf4 Re8 15. Nd2 c5 16. Nde4 Nxe4 17. Nxe4 cxd4 18. Qxd4 Nf6 19. Qe3 Ng4 20. Qe2 e5 21. Qxg4 exf4 22. Qxf4 Qd4 23. b3 Bd6 24. Qf3 Bc7 25. Rad1 Qe5 26. Ng3 Qxe1+ 27. Rxe1 Rxe1+ 28. Kh2 Rae8 29. Qxb7 R8e4 30. Kh3 Bxg3 31. Kxg3 Re7 32. Qc8+ Kh7 33. c5 R7e5 34. c6 Rc1 35. Qd7 f6 36. b4 Rc3+ 37. f3 Rg5+ 38. Kf2 Rc2+ 39. Ke3 Rgxg2 40. c7 Rc3+ 41. Qd3+ 1-0

[Event "Brasilia Inconfidencia Cup"]
[Site "Brasilia"]
[Date "2015.04.20"]
[Round "6"]
[White "Rabelo, Jose Carlos Vargas"]
[Black "Portal, Adroaldo da Cunha"]
[Result "1-0"]
[WhiteElo "1502"]
[BlackElo "1800"]
[PlyCount "113"]
[EventDate "2015.04.17"]
[EventType "swiss"]
[EventRounds "6"]
[EventCountry "BRA"]
[SourceTitle "CBM 166 Extra"]
[Source "ChessBase"]
[SourceDate "2015.06.18"]
[SourceVersion "1"]
[SourceVersionDate "2015.06.18"]
[SourceQuality "1"]

1. e4 c6 2. d4 d5 3. e5 c5 4. c3 Nc6 5. Nf3 e6 6. Be3 cxd4 7. cxd4 Bb4+ 8. Nbd2 Nge7 9. Bd3 Nf5 10. 0-0 Nxe3 11. fxe3 h6 12. a3 Be7 13. b4 0-0 14. Rc1 Bd7 15. Bb1 f5 16. Nb3 b6 17. g3 Be8 18. Qd3 Rc8 19. Ne1 Rc7 20. Ng2 Qc8 21. g4 Bg6 22. Nf4 Bh7 23. b5 Nd8 24. Rxc7 Qxc7 25. Rc1 Qd7 26. a4 Bg5 27. Kg2 Qf7 28. h3 Bxf4 29. exf4 g5 30. Rf1 Qg7 31. fxg5 hxg5 32. Qf3 Rf7 33. gxf5 Qf8 34. f6 Bxb1 35. Rxb1 Rc7 36. Rb2 Qh6 37. Kh2 Nf7 38. Rg2 Rc8 39. Qg4 Re8 40. a5 Kh8 41. a6 Rg8 42. Qxe6 g4 43. Rxg4 Ng5 44. Rxg5 Qxg5 45. Qg4 Qxg4 46. hxg4 Rxg4 47. Kh3 Rg1 48. Kh4 Kh7 49. Kh5 Kg8 50. Nd2 Rg2 51. Nf3 Rb2 52. e6 Kf8 53. Ne5 Re2 54. Ng6+ Kg8 55. f7+ Kh7 56. f8Q Rh2+ 57. Nh4 1-0